000
00316nam a2200109Ia 4500
008
200302s9999 xx 000 0 und d
100
_a
Philip Nobel
245
_a
Sixteen Acres architecture and the otrageous struggle for the future of ground zeero
260
_b
Metropolitan Books
260
_c
2005
300
_a
288 P.,
999
_c
4093
_d
4093